| 000 | 00612nam a22001817a 4500 | ||
|---|---|---|---|
| 999 |
_c17088 _d17088 |
||
| 008 | 220606b ||||| |||| 00| 0 eng d | ||
| 020 | _a9781260598087 | ||
| 082 |
_22022 _aDC 657.45 _bW618 |
||
| 100 |
_aWhittington, O. Ray, author _945413 |
||
| 245 |
_aPrinciples of auditing and other assurance services/ _cO. Ray Whittington, Kurt Pany, authors |
||
| 250 | _aTwenty second edition | ||
| 260 |
_aNew York, NY: _bMc Graw Hill, _c2022. |
||
| 300 |
_av, 951 pages: _billustrations; _c27 cm. |
||
| 500 | _aIncludes index. | ||
| 650 |
_aAuditing _945414 |
||
| 700 |
_aPany, Kurt, _eauthor _945415 |
||
| 942 |
_2ddc _cDC |
||